Základné metodické otázky vzniku a perspektívneho rozvoja malých obchodných podnikov kandidátska dizertačná práca

Gespeichert in:
Bibliographische Detailangaben
1. Verfasser: Finka, Ladislav
Körperschaft: Vysoká škola ekonomická v Bratislave
Weitere Verfasser: Čihovská, Viera
Format: Buch
Sprache:Slowakisch
Veröffentlicht: Bratislava 1991
Schlagworte:
Tags: Tag hinzufügen
Keine Tags, Fügen Sie das erste Tag hinzu!

MARC

LEADER 00000nbm a2200000 4500
001 0167117
005 20221207103911.3
041 0 |a slo 
044 |a SK 
245 1 0 |a Základné metodické otázky vzniku a perspektívneho rozvoja malých obchodných podnikov  |b kandidátska dizertačná práca  |c Ladislav Finka ; školiteľ: Viera Čihovská 
264 1 |a Bratislava  |c 1991 
300 |a 160 s. 
610 2 0 |a podnik obchodný 
610 2 0 |a rozvoj podniku 
100 1 |a Finka, Ladislav 
700 1 |a Čihovská, Viera 
710 2 |a Vysoká škola ekonomická v Bratislave